Evolución de la economía en 1991 y perspectivas para 1992

Salvato in:
Dettagli Bibliografici
Ente Autore: Banco Central de Chile (Autore)
Natura: Libro
Lingua:spagnolo
Pubblicazione: Santiago Banco Central de Chile 1991
Soggetti:
Tags: Aggiungi Tag
Nessun Tag, puoi essere il primo ad aggiungerne!!

MARC

LEADER 00000nam a2200000 a 4500
001 UCX7941
003 CL-VaPUC
008 940114e19910000CL |||||||||||||||||spa|d
082 0 4 |a 339.5  |b BAN  |2 21 
110 2 |a Banco Central de Chile  |e author  |9 324938 
245 1 0 |a Evolución de la economía en 1991 y perspectivas para 1992 
300 |a 70 p 
942 |c BK 
945 |d 19940114 00:00:00  |a nfarias 
260 |a Santiago  |b Banco Central de Chile  |c 1991 
650 7 |a PROYECCIONES ECONOMICAS  |2 CL-VaPUC  |9 318710 
650 7 |a POLITICA ECONOMICA 1991-1992  |2 CL-VaPUC  |9 324939 
651 7 |a CHILE  |2 CL-VaPUC  |9 324940 
583 |a last modification  |c 19940114 00:00:00  |k Rodrigo Vera 
999 |c 227604  |d 227602 
952 |0 0  |1 0  |4 0  |6 339_500000000000000_BAN_1991  |7 0  |8 A  |9 226724  |a BIBENE  |b BIBENE  |d 2019-11-15  |i 2949709  |o 339.5 BAN 1991  |p 2949709  |r 2025-01-15  |w 2019-11-15  |y BK  |k ICO